Rozprávkové leto a Vranka Danka

Podrobná bibliografia
Hlavný autor: Bodacz, Bohuš, 1955-2020 (Autor)
Médium: Článok
Jazyk:slovenčina
Predmet:

MARC

LEADER 00000nab a2200000 a 4500
001 vtls000578558
003 SK-MaSNL
005 20260304171956.0
008 160203c1996 xo 0 slo
015 |a SNBRB19rr/mm-uuuuu 
035 |a CL0578696 
040 |a SNKBUCL  |b slo  |c SNKBUCL  |e AACR2 
041 0 |a slo 
044 |a xo  |c SK 
080 |a 82.09:885.4-3(087.5)(048)  |2 1981 
080 |a 885.4-3(087.5)(048)  |2 1981 
100 1 |a Bodacz, Bohuš,  |d 1955-2020  |4 aut  |9 105616 
245 1 0 |a Rozprávkové leto a Vranka Danka  |c Bohuš Bodacz 
500 |a Obsahuje 2 recenzie na dve rôzne diela 
650 0 7 |a slovenské príbehy  |2 snkbucl  |9 303047 
650 0 7 |a príbehy pre deti  |2 snkbucl  |9 244617 
650 0 7 |a literatúra pre deti  |2 snkbucl  |9 55721 
655 7 |a recenzie  |2 snkbucl  |9 21907 
655 7 |a články z odboru literárna veda a krásna literatúra  |2 snkbucl  |9 770045 
655 7 |a články z novín a časopisov  |2 snkbucl  |9 267496 
773 0 |t Slovenské pohľady  |g Roč. 4+112, č. 3 (1996), s. 146-147 
787 0 8 |i Rec.:  |a Pius, Miroslav  |t Chlapec na bielom koni  |d Bratislava : H&H, 1995 
787 0 8 |i Rec.:  |a Urban, Jozef  |t Dobrodružstvá vranky Danky  |d Bratislava : Lienka, 1995 
850 |a Slovenská národná knižnica 
852 |a Slovenská národná knižnica 
958 |a RK 
958 |a LX 
958 |a SK 
992 |a RBX 
999 |c 2995802  |d 2997732